000 00429nam a22001577a 4500
005 20251108164025.0
008 250721s1995 xx 000 0 ara d
082 1 4 _a346.086/محم
100 1 _aدسوقي، محمد إبراهيم
245 1 0 _aالتأمين من المسؤولية :
_bالأحكام العامة /
264 _c1995.
300 _a510ص
650 1 7 _aالتأمين
942 _2ddc
_cBK
999 _c1673
_d1673